000 00445nam a22001697a 4500
005 20160616140944.0
008 160616b xxu||||| |||| 00| 0 eng d
020 _a81-259-1365-3
041 _aeng
082 _b7997
100 _aSingh, Dr. P. and Bhandakar, Asha
_92120
245 _aWinning the Corporate olympic
260 _aNew Delhi
_bVikas Publishing House (P) Ltd.
_c2002
300 _a225
650 _aManagement
_9241
942 _cBK
999 _c2966
_d2965